01143nam0a22002531 4500001001100000005001700011021001900028035002600047100004100073101000800114102000700122105001800129200032500147210006800472215002200540300004700562606008600609700003200695701003600727702006300763801001800826801002200844852002300866rc\391673720250611022036.0 aRUb[49-39101] a(NLR Aleph) 008023252 a20130415d1949 |||y0rusy50 ca0 arus aRU aa z |||||1 aАвиационные колеса размера 1450х520 (56 ''), 950х350 (36 '') и гидравлические тормозные устройства к нимfСост. инж. И.Б. Братман и А.М. ПодобедовgПод ред. Т.М. БаштаgМ-во авиац. пром-сти СССР aМоскваcИзд-во и тип. Оборонгизаd1949 a52 с.cил.d22 aНа обл. сост. не указаны aСамолетыxКолесаxТормозное оборудование2psbo 1aБратманbИ.Б.4220 1aПодобедовbА.М.4220 1aБаштаbТ.М.gТрифон Максимович4340 0aRUbNLRgpsbo 1aRUbELAR2rusmarc aNLRjТ92 Г-6/133